Water consumption by water-loving plants in the Malad Valley, Oneida County, Idaho; (Record no. 29145)

MARC details
000 -LEADER
fixed length control field 01579cam a22003371a 4500
001 - CONTROL NUMBER
control field gs 57000154
003 - CONTROL NUMBER IDENTIFIER
control field DLC
005 - DATE AND TIME OF LATEST TRANSACTION
control field 20260227111405.0
008 - FIXED-LENGTH DATA ELEMENTS--GENERAL INFORMATION
fixed length control field 800826s1957 dcuab b f001 0 eng
010 ## - LIBRARY OF CONGRESS CONTROL NUMBER
LC control number gs 57000154
035 ## - SYSTEM CONTROL NUMBER
System control number (OCoLC)6657148
040 ## - CATALOGING SOURCE
Original cataloging agency DLC
Transcribing agency NIC
Modifying agency DNAL
-- DLC
050 00 - LIBRARY OF CONGRESS CALL NUMBER
Classification number TC801
Item number .U2 no. 1412
051 ## - LIBRARY OF CONGRESS COPY, ISSUE, OFFPRINT STATEMENT
Classification number QK871
Item number .M65
070 0# - NATIONAL AGRICULTURAL LIBRARY CALL NUMBER
Classification number 407
Item number G29W no.1412
072 #0 - SUBJECT CATEGORY CODE
Subject category code P200
100 1# - MAIN ENTRY--PERSONAL NAME
Personal name Mower, R. W.
Fuller form of name (Reed W.),
Dates associated with a name 1924-
245 10 - TITLE STATEMENT
Title Water consumption by water-loving plants in the Malad Valley, Oneida County, Idaho;
Remainder of title a study of plant species and their distribution in relation to the geology and hydrology of their environment /
Statement of responsibility, etc. by R.W. Mower and R.L. Nace.
260 ## - PUBLICATION, DISTRIBUTION, ETC.
Place of publication, distribution, etc. Washington, D.C. :
Name of publisher, distributor, etc. U.S. G.P.O.,
Date of publication, distribution, etc. 1957.
300 ## - PHYSICAL DESCRIPTION
Extent iv, 33 p. :
Other physical details ill., maps ;
Dimensions 24 cm.
440 #0 - SERIES STATEMENT/ADDED ENTRY--TITLE
Title Geological Survey water-supply paper ;
Volume/sequential designation 1412
500 ## - GENERAL NOTE
General note Two folded maps in pocket.
500 ## - GENERAL NOTE
General note "A study of plant species and their distribution in relation to the geology and hydrology of their environment."
500 ## - GENERAL NOTE
General note no. 1410-1413 Supplemented by : 15 folded maps and plates in portfolio.
501 ## - WITH NOTE
With note TC801 .U2 no. 1412 with : Geology and ground-water resources of the lower Lodgepole Creek drainage basin, Nebraska / Louis J. Bjorklund. Washington : U. S. Govt. Print. Off., 1957. Bound together subsequent to publication.
Institution to which field applies DLC
504 ## - BIBLIOGRAPHY, ETC. NOTE
Bibliography, etc. note Bibliography: p. 30-31.
500 ## - GENERAL NOTE
General note Includes index.
650 #0 - SUBJECT ADDED ENTRY--TOPICAL TERM
Topical term or geographic name entry element Plants
Geographic subdivision Idaho
-- Oneida County.
650 #0 - SUBJECT ADDED ENTRY--TOPICAL TERM
Topical term or geographic name entry element Plants
General subdivision Absorption of water.
700 1# - ADDED ENTRY--PERSONAL NAME
Personal name Nace, Raymond L.
Fuller form of name (Raymond Lee),
Dates associated with a name 1907-1987.

No items available.

Powered by Koha